Zaščitnyje pokrytija trub
Saved in:
| Main Authors: | , |
|---|---|
| Format: | Book |
| Language: | Russian |
| Published: |
Moskva :
Metallurgija,
1975
|
| Subjects: | |
| Tags: |
No Tags, Be the first to tag this record!
|
MARC
| LEADER | 00000nam a22000003a 4500 | ||
|---|---|---|---|
| 001 | stu85657 | ||
| 005 | 20150617225632.8 | ||
| 008 | 040406s1975----xxr-----------------rus-d | ||
| 040 | |a STU |b slo | ||
| 041 | 0 | |a rus | |
| 044 | |a xxr | ||
| 080 | |a 621.774 | ||
| 080 | |a 620.197 | ||
| 100 | 1 | |a Poľjakova, Kira Konstantinovna |4 aut | |
| 245 | 1 | |a Zaščitnyje pokrytija trub | |
| 260 | |a Moskva : |b Metallurgija, |c 1975 | ||
| 300 | |a 214 s | ||
| 650 | 7 | |a výroba trubiek |2 stusub | |
| 650 | 7 | |a ochrana materiálov |2 stusub | |
| 700 | 1 | |a Konopľjanyj, Viktor Smiridonovič |4 aut | |
| 996 | |b 284J020368 |c J*44866 |l JJSK |s A |a 24 |w stu85657_0001 | ||